<?xml version="1.0" encoding="UTF-8"?>
<record
    xmlns:xsi="http://www.w3.org/2001/XMLSchema-instance"
    xsi:schemaLocation="http://www.loc.gov/MARC21/slim http://www.loc.gov/standards/marcxml/schema/MARC21slim.xsd"
    xmlns="http://www.loc.gov/MARC21/slim">

  <leader>00636nam a2200229 a 4500</leader>
  <datafield tag="999" ind1=" " ind2=" ">
    <subfield code="c">2633</subfield>
    <subfield code="d">2633</subfield>
  </datafield>
  <controlfield tag="008">190805s20122017ii p|||gd|||||||| ||eng||</controlfield>
  <datafield tag="020" ind1=" " ind2=" ">
    <subfield code="a">9789350515686</subfield>
    <subfield code="c">Rs. 425.00</subfield>
  </datafield>
  <datafield tag="040" ind1=" " ind2=" ">
    <subfield code="a">KO</subfield>
    <subfield code="b">eng</subfield>
  </datafield>
  <datafield tag="041" ind1="0" ind2=" ">
    <subfield code="a">eng</subfield>
  </datafield>
  <datafield tag="044" ind1=" " ind2=" ">
    <subfield code="a">ii</subfield>
  </datafield>
  <datafield tag="082" ind1="0" ind2="4">
    <subfield code="a">339.0024658</subfield>
    <subfield code="b">M9256</subfield>
    <subfield code="2">23</subfield>
  </datafield>
  <datafield tag="100" ind1="1" ind2=" ">
    <subfield code="a">Muniraju, M.</subfield>
  </datafield>
  <datafield tag="245" ind1="1" ind2="0">
    <subfield code="a">Macroeconomics for business decisions / </subfield>
  </datafield>
  <datafield tag="250" ind1=" " ind2=" ">
    <subfield code="a">2nd rev ed.</subfield>
  </datafield>
  <datafield tag="260" ind1=" " ind2=" ">
    <subfield code="a">Mumbai : </subfield>
    <subfield code="b">Himalaya Publishing House Pvt Ltd ,</subfield>
    <subfield code="c">2017</subfield>
  </datafield>
  <datafield tag="300" ind1=" " ind2=" ">
    <subfield code="a">342 p.</subfield>
    <subfield code="b"> : charts</subfield>
    <subfield code="c">; 24 cm.</subfield>
  </datafield>
  <datafield tag="650" ind1=" " ind2="0">
    <subfield code="a">Economics</subfield>
    <subfield code="v">Textbooks</subfield>
  </datafield>
  <datafield tag="700" ind1="1" ind2=" ">
    <subfield code="a">Podder, S. K. </subfield>
  </datafield>
  <datafield tag="852" ind1=" " ind2=" ">
    <subfield code="a">KO</subfield>
  </datafield>
  <datafield tag="904" ind1=" " ind2=" ">
    <subfield code="a">A_BOSE</subfield>
  </datafield>
  <datafield tag="942" ind1=" " ind2=" ">
    <subfield code="c">BK</subfield>
  </datafield>
  <datafield tag="952" ind1=" " ind2=" ">
    <subfield code="0">0</subfield>
    <subfield code="1">0</subfield>
    <subfield code="2">ddc</subfield>
    <subfield code="4">0</subfield>
    <subfield code="6">339_002465800000000_M9256</subfield>
    <subfield code="7">0</subfield>
    <subfield code="8">MANS</subfield>
    <subfield code="9">7151</subfield>
    <subfield code="a">KO</subfield>
    <subfield code="b">KO</subfield>
    <subfield code="c">GEN</subfield>
    <subfield code="d">2023-01-20</subfield>
    <subfield code="e">M/S Allied Publishers Private Limited (Inv. No. HO/IN/431 Dt. 2023-01-07)</subfield>
    <subfield code="g">425.00</subfield>
    <subfield code="l">2</subfield>
    <subfield code="m">1</subfield>
    <subfield code="o">339.0024658  M9256</subfield>
    <subfield code="p">BK005860</subfield>
    <subfield code="r">2024-03-15</subfield>
    <subfield code="s">2024-02-16</subfield>
    <subfield code="y">BK</subfield>
    <subfield code="z">Gen. Shelf-5, Row-3</subfield>
  </datafield>
  <datafield tag="952" ind1=" " ind2=" ">
    <subfield code="0">0</subfield>
    <subfield code="1">0</subfield>
    <subfield code="2">ddc</subfield>
    <subfield code="4">0</subfield>
    <subfield code="6">339_002465800000000_M9256</subfield>
    <subfield code="7">0</subfield>
    <subfield code="8">MANS</subfield>
    <subfield code="9">7152</subfield>
    <subfield code="a">KO</subfield>
    <subfield code="b">KO</subfield>
    <subfield code="c">GEN</subfield>
    <subfield code="d">2023-01-20</subfield>
    <subfield code="e">M/S Allied Publishers Private Limited (Inv. No. HO/IN/431 Dt. 2023-01-07)</subfield>
    <subfield code="g">425.00</subfield>
    <subfield code="l">1</subfield>
    <subfield code="m">1</subfield>
    <subfield code="o">339.0024658  M9256</subfield>
    <subfield code="p">BK005861</subfield>
    <subfield code="r">2025-12-05</subfield>
    <subfield code="s">2025-11-06</subfield>
    <subfield code="y">BK</subfield>
    <subfield code="z">Gen. Shelf-5, Row-3</subfield>
  </datafield>
  <datafield tag="952" ind1=" " ind2=" ">
    <subfield code="0">0</subfield>
    <subfield code="1">0</subfield>
    <subfield code="2">ddc</subfield>
    <subfield code="4">0</subfield>
    <subfield code="6">339_002465800000000_M9256</subfield>
    <subfield code="7">0</subfield>
    <subfield code="8">MANS</subfield>
    <subfield code="9">7153</subfield>
    <subfield code="a">KO</subfield>
    <subfield code="b">KO</subfield>
    <subfield code="c">GEN</subfield>
    <subfield code="d">2023-01-20</subfield>
    <subfield code="e">M/S Allied Publishers Private Limited (Inv. No. HO/IN/431 Dt. 2023-01-07)</subfield>
    <subfield code="g">425.00</subfield>
    <subfield code="o">339.0024658  M9256</subfield>
    <subfield code="p">BK005862</subfield>
    <subfield code="r">2023-01-31</subfield>
    <subfield code="y">BK</subfield>
    <subfield code="z">Gen. Shelf-5, Row-3</subfield>
  </datafield>
  <datafield tag="952" ind1=" " ind2=" ">
    <subfield code="0">0</subfield>
    <subfield code="1">0</subfield>
    <subfield code="2">ddc</subfield>
    <subfield code="4">0</subfield>
    <subfield code="6">339_002465800000000_M9256</subfield>
    <subfield code="7">0</subfield>
    <subfield code="8">MANS</subfield>
    <subfield code="9">7154</subfield>
    <subfield code="a">KO</subfield>
    <subfield code="b">KO</subfield>
    <subfield code="c">GEN</subfield>
    <subfield code="d">2023-01-20</subfield>
    <subfield code="e">M/S Allied Publishers Private Limited (Inv. No. HO/IN/431 Dt. 2023-01-07)</subfield>
    <subfield code="g">425.00</subfield>
    <subfield code="l">2</subfield>
    <subfield code="o">339.0024658  M9256</subfield>
    <subfield code="p">BK005863</subfield>
    <subfield code="r">2025-12-15</subfield>
    <subfield code="s">2025-11-21</subfield>
    <subfield code="y">BK</subfield>
    <subfield code="z">Gen. Shelf-5, Row-3</subfield>
  </datafield>
  <datafield tag="952" ind1=" " ind2=" ">
    <subfield code="0">0</subfield>
    <subfield code="1">0</subfield>
    <subfield code="2">ddc</subfield>
    <subfield code="4">0</subfield>
    <subfield code="6">339_002465800000000_M9256</subfield>
    <subfield code="7">0</subfield>
    <subfield code="8">MANS</subfield>
    <subfield code="9">7155</subfield>
    <subfield code="a">KO</subfield>
    <subfield code="b">KO</subfield>
    <subfield code="c">GEN</subfield>
    <subfield code="d">2023-01-20</subfield>
    <subfield code="e">M/S Allied Publishers Private Limited (Inv. No. HO/IN/431 Dt. 2023-01-07)</subfield>
    <subfield code="g">425.00</subfield>
    <subfield code="l">1</subfield>
    <subfield code="o">339.0024658  M9256</subfield>
    <subfield code="p">BK005864</subfield>
    <subfield code="r">2025-11-07</subfield>
    <subfield code="s">2025-11-03</subfield>
    <subfield code="y">BK</subfield>
    <subfield code="z">Gen. Shelf-5, Row-3</subfield>
  </datafield>
  <datafield tag="952" ind1=" " ind2=" ">
    <subfield code="0">0</subfield>
    <subfield code="1">0</subfield>
    <subfield code="2">ddc</subfield>
    <subfield code="4">0</subfield>
    <subfield code="6">339_002465800000000_M9256</subfield>
    <subfield code="7">0</subfield>
    <subfield code="8">MANS</subfield>
    <subfield code="9">7156</subfield>
    <subfield code="a">KO</subfield>
    <subfield code="b">KO</subfield>
    <subfield code="c">GEN</subfield>
    <subfield code="d">2023-01-20</subfield>
    <subfield code="e">M/S Allied Publishers Private Limited (Inv. No. HO/IN/431 Dt. 2023-01-07)</subfield>
    <subfield code="g">425.00</subfield>
    <subfield code="l">2</subfield>
    <subfield code="o">339.0024658  M9256</subfield>
    <subfield code="p">BK005865</subfield>
    <subfield code="r">2025-02-25</subfield>
    <subfield code="s">2025-02-21</subfield>
    <subfield code="y">BK</subfield>
    <subfield code="z">Gen. Shelf-5, Row-3</subfield>
  </datafield>
  <datafield tag="952" ind1=" " ind2=" ">
    <subfield code="0">0</subfield>
    <subfield code="1">0</subfield>
    <subfield code="2">ddc</subfield>
    <subfield code="4">0</subfield>
    <subfield code="6">339_002465800000000_M9256</subfield>
    <subfield code="7">0</subfield>
    <subfield code="8">MANS</subfield>
    <subfield code="9">7157</subfield>
    <subfield code="a">KO</subfield>
    <subfield code="b">KO</subfield>
    <subfield code="c">GEN</subfield>
    <subfield code="d">2023-01-20</subfield>
    <subfield code="e">M/S Allied Publishers Private Limited (Inv. No. HO/IN/431 Dt. 2023-01-07)</subfield>
    <subfield code="g">425.00</subfield>
    <subfield code="l">2</subfield>
    <subfield code="o">339.0024658  M9256</subfield>
    <subfield code="p">BK005866</subfield>
    <subfield code="r">2025-11-07</subfield>
    <subfield code="s">2025-10-31</subfield>
    <subfield code="y">BK</subfield>
    <subfield code="z">Gen. Shelf-5, Row-3</subfield>
  </datafield>
  <datafield tag="952" ind1=" " ind2=" ">
    <subfield code="0">0</subfield>
    <subfield code="1">0</subfield>
    <subfield code="2">ddc</subfield>
    <subfield code="4">0</subfield>
    <subfield code="6">339_002465800000000_M9256</subfield>
    <subfield code="7">0</subfield>
    <subfield code="8">MANS</subfield>
    <subfield code="9">7158</subfield>
    <subfield code="a">KO</subfield>
    <subfield code="b">KO</subfield>
    <subfield code="c">GEN</subfield>
    <subfield code="d">2023-01-20</subfield>
    <subfield code="e">M/S Allied Publishers Private Limited (Inv. No. HO/IN/431 Dt. 2023-01-07)</subfield>
    <subfield code="l">2</subfield>
    <subfield code="m">1</subfield>
    <subfield code="o">339.0024658  M9256</subfield>
    <subfield code="p">BK005867</subfield>
    <subfield code="r">2025-12-10</subfield>
    <subfield code="s">2025-11-19</subfield>
    <subfield code="y">BK</subfield>
    <subfield code="z">Gen. Shelf-5, Row-3</subfield>
  </datafield>
  <datafield tag="952" ind1=" " ind2=" ">
    <subfield code="0">0</subfield>
    <subfield code="1">0</subfield>
    <subfield code="2">ddc</subfield>
    <subfield code="4">0</subfield>
    <subfield code="6">339_002465800000000_M9256</subfield>
    <subfield code="7">0</subfield>
    <subfield code="8">MANS</subfield>
    <subfield code="9">7159</subfield>
    <subfield code="a">KO</subfield>
    <subfield code="b">KO</subfield>
    <subfield code="c">GEN</subfield>
    <subfield code="d">2023-01-20</subfield>
    <subfield code="e">M/S Allied Publishers Private Limited (Inv. No. HO/IN/431 Dt. 2023-01-07)</subfield>
    <subfield code="l">2</subfield>
    <subfield code="m">2</subfield>
    <subfield code="o">339.0024658  M9256</subfield>
    <subfield code="p">BK005868</subfield>
    <subfield code="r">2025-12-08</subfield>
    <subfield code="s">2025-10-30</subfield>
    <subfield code="y">BK</subfield>
    <subfield code="z">Gen. Shelf-5, Row-3</subfield>
  </datafield>
  <datafield tag="952" ind1=" " ind2=" ">
    <subfield code="0">0</subfield>
    <subfield code="1">0</subfield>
    <subfield code="2">ddc</subfield>
    <subfield code="4">0</subfield>
    <subfield code="6">339_002465800000000_M9256</subfield>
    <subfield code="7">0</subfield>
    <subfield code="8">MANS</subfield>
    <subfield code="9">7160</subfield>
    <subfield code="a">KO</subfield>
    <subfield code="b">KO</subfield>
    <subfield code="c">GEN</subfield>
    <subfield code="d">2023-01-20</subfield>
    <subfield code="e">M/S Allied Publishers Private Limited (Inv. No. HO/IN/431 Dt. 2023-01-07)</subfield>
    <subfield code="l">1</subfield>
    <subfield code="o">339.0024658  M9256</subfield>
    <subfield code="p">BK005869</subfield>
    <subfield code="r">2025-11-10</subfield>
    <subfield code="s">2025-11-03</subfield>
    <subfield code="y">BK</subfield>
    <subfield code="z">Gen. Shelf-5, Row-3</subfield>
  </datafield>
</record>
